[Event "Aeroflot Open A 2017"]
[Site "Moscow RUS"]
[Date "2017.02.23"]
[Round "3.4"]
[White "Movsesian, Sergei"]
[Black "Bok, Benjamin"]
[Result "1/2-1/2"]
[WhiteTitle "GM"]
[BlackTitle "GM"]
[WhiteElo "2679"]
[BlackElo "2596"]
[WhiteFideId "310204"]
[BlackFideId "1017063"]
[EventDate "2017.02.21"]

1. e4 c5 2. Nf3 d6 3. d4 cxd4 4. Nxd4 Nf6 5. Nc3 a6 6. a4 e5 7. Nf3 Be7 8. Bg5
Be6 9. Bxf6 Bxf6 10. Nd5 Nc6 11. Bc4 Rc8 12. O-O Ne7 13. b3 Nxd5 14. Bxd5 Bxd5
15. Qxd5 Rxc2 16. Qxb7 Qc8 17. Qxc8+ Rxc8 18. Nd2 Kd7 19. Nc4 Ke6 20. Rad1 Rc6
21. Rd3 Bd8 22. Rfd1 Bc7 23. Kf1 Rd8 24. Ke2 Bb6 25. Nxb6 Rxb6 26. Rc3 g6 27. g4 1/2-1/2

[Event "Aeroflot Open A 2017"]
[Site "Moscow RUS"]
[Date "2017.02.23"]
[Round "3.5"]
[White "Kobalia, Mikhail"]
[Black "Sasikiran, Krishnan"]
[Result "1/2-1/2"]
[WhiteTitle "GM"]
[BlackTitle "GM"]
[WhiteElo "2628"]
[BlackElo "2674"]
[WhiteFideId "4119150"]
[BlackFideId "5004985"]
[EventDate "2017.02.21"]

1. e4 c5 2. Nf3 d6 3. d4 cxd4 4. Nxd4 Nf6 5. Nc3 a6 6. h3 e5 7. Nde2 h5 8. Nd5
Nxd5 9. Qxd5 Nc6 10. Qd1 Be6 11. Nc3 Rc8 12. Be3 g6 13. Qd2 Bg7 14. Bd3 O-O 15.
f3 Nb4 16. Be2 d5 17. exd5 Nxd5 18. Nxd5 1/2-1/2

[Event "Aeroflot Open A 2017"]
[Site "Moscow RUS"]
[Date "2017.02.23"]
[Round "3.7"]
[White "Motylev, Alexander"]
[Black "Vavulin, Maksim"]
[Result "1/2-1/2"]
[WhiteTitle "GM"]
[BlackTitle "IM"]
[WhiteElo "2663"]
[BlackElo "2604"]
[WhiteFideId "4121830"]
[BlackFideId "4169530"]
[EventDate "2017.02.21"]

1. e4 e5 2. Nf3 Nc6 3. Bb5 a6 4. Ba4 d6 5. O-O Bd7 6. d4 exd4 7. Bxc6 bxc6 8.
Qxd4 Ne7 9. Nc3 h6 10. Re1 Ng6 11. e5 d5 12. Na4 Qb8 13. Bd2 Qb5 14. e6 Bxe6 15.
Rxe6+ fxe6 16. Qg4 Ne7 17. Qxe6 Rd8 18. Ne5 Rd6 19. Qf7+ Kd8 20. Nc3 Qxb2 21.
Rb1 Qxc2 22. Qf4 Rf6 23. Rb8+ Nc8 24. Qg4 Qf5 25. Nxc6+ Kd7 26. Ne5+ Kd8 27.
Nc6+ Kd7 28. Ne5+ Kd8 29. Nc6+ 1/2-1/2

[Event "Aeroflot Open A 2017"]
[Site "Moscow RUS"]
[Date "2017.02.23"]
[Round "3.10"]
[White "Indjic, Aleksandar"]
[Black "Fedoseev, Vladimir3"]
[Result "1/2-1/2"]
[WhiteTitle "GM"]
[BlackTitle "GM"]
[WhiteElo "2560"]
[BlackElo "2658"]
[WhiteFideId "911925"]
[BlackFideId "24130737"]
[EventDate "2017.02.21"]

1. d4 d5 2. c4 c6 3. Nf3 Nf6 4. Nc3 e6 5. Bg5 h6 6. Bh4 dxc4 7. e4 g5 8. Bg3 b5
9. Be2 Bb7 10. e5 Nd5 11. h4 g4 12. Nd2 Nxc3 13. bxc3 c5 14. Bxg4 cxd4 15. Bf3
Bxf3 16. Qxf3 Qd5 17. Ne4 Be7 18. cxd4 Nc6 19. Rd1 c3 20. O-O Rc8 21. Nxc3 Qxf3
22. gxf3 Nxd4 23. Rxd4 Rxc3 24. Rfd1 Rc7 25. h5 a5 26. Kf1 O-O 27. Bf4 Bg5 28.
Bxg5 hxg5 29. Rg4 Kh7 30. Rxg5 Kh6 31. Rg4 Rc2 32. Rf4 Rxa2 33. Rf6+ Kh7 34. Rd7
Kg8 35. f4 Ra1+ 36. Kg2 Re1 37. Rb7 b4 38. Rb5 Ra8 39. Rb7 Rf8 40. Rb5 Ra8 1/2-1/2

[Event "Aeroflot Open A 2017"]
[Site "Moscow RUS"]
[Date "2017.02.23"]
[Round "3.11"]
[White "Artemiev, Vladislav"]
[Black "Tari, Aryan"]
[Result "1/2-1/2"]
[WhiteTitle "GM"]
[BlackTitle "GM"]
[WhiteElo "2655"]
[BlackElo "2596"]
[WhiteFideId "24101605"]
[BlackFideId "1510045"]
[EventDate "2017.02.21"]

1. Nf3 Nf6 2. g3 g6 3. Bg2 Bg7 4. d4 d5 5. O-O O-O 6. c3 Nbd7 7. Bf4 c5 8. Nbd2
b6 9. a4 Nh5 10. Be3 Bb7 11. a5 Qc7 12. Qa4 Rfc8 13. b4 cxb4 14. a6 Bc6 15. Qxb4
e6 16. Rfc1 b5 17. Ne1 Nb6 18. Bf3 Nf6 19. Bf4 Qd8 20. Nb3 Bf8 21. Qa5 Ne4 22.
Nd3 Na4 23. Ne5 Qxa5 24. Nxa5 Be8 25. c4 bxc4 26. Bxe4 dxe4 27. Nexc4 Bb5 28. e3
Bb4 29. Rcb1 Bc3 30. Nd6 Bxa1 31. Nxc8 Bb2 32. Nd6 Bd3 33. Nc6 Kg7 34. Re1 f6
35. g4 Nc3 36. g5 fxg5 37. Bxg5 h6 38. Bh4 Bxa6 39. Nd8 g5 40. Nxe6+ Kf6 41. Nc7
Rd8 42. Bg3 Bd3 43. Nb7 Rc8 44. Kg2 Bc4 45. Be5+ Ke7 46. Nc5 Kf7 47. Nb7 Ke7 48.
Nc5 1/2-1/2

[Event "Aeroflot Open A 2017"]
[Site "Moscow RUS"]
[Date "2017.02.23"]
[Round "3.12"]
[White "Kovalevskaya, Ekaterina"]
[Black "Cordova, Emilio"]
[Result "0-1"]
[WhiteTitle "IM"]
[BlackTitle "GM"]
[WhiteElo "2423"]
[BlackElo "2655"]
[WhiteFideId "4116704"]
[BlackFideId "3801497"]
[EventDate "2017.02.21"]

1. e4 d6 2. d4 Nf6 3. Nc3 g6 4. Nf3 Bg7 5. Be2 O-O 6. O-O Bg4 7. Be3 Nc6 8. Qd2
a6 9. Rad1 Nd7 10. Ne1 Bxe2 11. Nxe2 e5 12. dxe5 Ncxe5 13. b3 Re8 14. f3 b5 15.
Nf4 a5 16. Ned3 a4 17. Nxe5 Nxe5 18. Nd5 axb3 19. axb3 c6 20. Nf4 Ra2 21. Rf2
Bf8 22. Nd3 Nxd3 23. Qxd3 Qc8 24. c4 bxc4 25. bxc4 Ra4 26. Rc2 Qe6 27. Bf4 Rd8
28. Bg3 h5 29. h3 Be7 30. Qb3 Rda8 31. Qb7 h4 32. Bf2 Ra1 33. Rcc1 R1a6 34. Rb1
Bf6 35. Rb6 Qxc4 36. Rxa6 Qxa6 37. Qc7 c5 38. f4 Qe2 39. Qxd6 Bd4 40. Rxd4 Ra1+
41. Kh2 Qxf2 42. Rd1 Rxd1 43. Qxd1 Qxf4+ 44. Kh1 Qxe4 45. Qd2 Qd4 46. Qa5 Kg7
47. Qb6 Qa1+ 48. Kh2 Qe5+ 49. Kh1 c4 50. Qc6 c3 51. Qc4 Qe3 52. Kh2 g5 53. Qc6
g4 54. hxg4 Qg3+ 55. Kh1 h3 56. gxh3 Qxh3+ 57. Kg1 Qxg4+ 58. Kf2 Qf4+ 59. Ke2
Qd2+ 60. Kf3 c2 0-1

[Event "Aeroflot Open A 2017"]
[Site "Moscow RUS"]
[Date "2017.02.23"]
[Round "3.14"]
[White "Berkes, Ferenc"]
[Black "Narayanan, Srinath"]
[Result "1/2-1/2"]
[WhiteTitle "GM"]
[BlackTitle "IM"]
[WhiteElo "2648"]
[BlackElo "2474"]
[WhiteFideId "718572"]
[BlackFideId "5018420"]
[EventDate "2017.02.21"]

1. d4 Nf6 2. Nf3 e6 3. Bg5 c5 4. e3 cxd4 5. exd4 b6 6. Bd3 Bb7 7. O-O Be7 8. c4
d5 9. Bxf6 Bxf6 10. cxd5 Bxd5 11. Nc3 Nc6 12. Nxd5 Qxd5 13. Re1 O-O 14. Be4 Qd6
15. Ne5 Nxd4 16. Ng4 Rad8 17. Nxf6+ gxf6 18. Qh5 f5 19. Qg5+ Kh8 20. Qf6+ Kg8
21. Re3 Ne2+ 22. Rxe2 fxe4 23. Qg5+ Kh8 24. Qf6+ 1/2-1/2

[Event "Aeroflot Open A 2017"]
[Site "Moscow RUS"]
[Date "2017.02.23"]
[Round "3.15"]
[White "Gupta, Abhijeet"]
[Black "Gordievsky, Dmitry"]
[Result "1/2-1/2"]
[WhiteTitle "GM"]
[BlackTitle "IM"]
[WhiteElo "2645"]
[BlackElo "2564"]
[WhiteFideId "5010608"]
[BlackFideId "24112798"]
[EventDate "2017.02.21"]

1. d4 Nf6 2. c4 d6 3. Nc3 Bf5 4. Nf3 g6 5. h3 Ne4 6. Nxe4 Bxe4 7. Nd2 Bf5 8. e4
Bd7 9. d5 Bg7 10. Be2 a5 11. Rb1 a4 12. O-O Na6 13. b4 axb3 14. axb3 Nb4 15. Bb2
Bxb2 16. Rxb2 c5 17. dxc6 bxc6 18. Nf3 Qa5 19. Qd2 f6 20. Qh6 Kf7 21. Rd2 Ra7
22. e5 dxe5 23. Nh4 Qd8 24. Bh5 Qg8 25. Rfd1 Be8 26. Rd8 Qg7 27. Qe3 Rb7 28. Nf5
Qf8 29. Nh6+ Kg7 30. Nf5+ Kf7 31. Ra8 Nc2 32. Qe2 Nd4 33. Nxd4 exd4 34. Rxd4 e5
35. Rdd8 Qc5 36. Qd1 Re7 37. Be2 e4 38. Rab8 e3 39. f4 Rf8 40. b4 Qf5 41. Qd4
Qb1+ 42. Kh2 Qe1 43. Qd3 Qf2 44. f5 Qf4+ 45. Kh1 Ra7 46. Ra8 Rxa8 47. Rxa8 Kg7
48. b5 cxb5 49. cxb5 Qf2 50. Ra7+ Rf7 51. Ra3 Re7 52. Qd8 Rd7 53. Qxe8 Rd1+ 54.
Bxd1 Qf1+ 55. Kh2 Qf4+ 1/2-1/2

[Event "Aeroflot Open A 2017"]
[Site "Moscow RUS"]
[Date "2017.02.23"]
[Round "3.16"]
[White "Lomasov, Semen"]
[Black "Swiercz, Dariusz"]
[Result "1/2-1/2"]
[WhiteTitle "IM"]
[BlackTitle "GM"]
[WhiteElo "2450"]
[BlackElo "2645"]
[WhiteFideId "24164879"]
[BlackFideId "1126881"]
[EventDate "2017.02.21"]

1. e4 e5 2. Nf3 Nc6 3. Bb5 a6 4. Ba4 Nf6 5. O-O Be7 6. Re1 b5 7. Bb3 O-O 8. h3
Bb7 9. d3 d6 10. a3 Qd7 11. Nc3 h6 12. Nd5 Bd8 13. Bd2 Nxd5 14. Bxd5 Bf6 15. Nh2
Nd8 16. Ng4 Bg5 17. Bxg5 hxg5 18. Bxb7 Nxb7 19. d4 exd4 20. Qxd4 Nc5 21. Qd5 Ne6
22. Rad1 Rad8 23. g3 c6 24. Qd3 Qc8 25. Qe3 Rfe8 26. Qf3 Nf8 27. Re3 Ng6 28. Rc3
Ne5 29. Nxe5 Rxe5 30. Kg2 Qc7 31. Qg4 Rde8 32. Rd4 R8e6 33. Rcd3 c5 34. Rd5 Qc6
35. Rxe5 Rxe5 36. Qf3 f6 37. Rd5 c4 38. Qd1 Kf7 39. Qh5+ Kg8 40. Qd1 Kf7 41.
Qh5+ Kg8 42. Qd1 Kf7 1/2-1/2

[Event "Aeroflot Open A 2017"]
[Site "Moscow RUS"]
[Date "2017.02.23"]
[Round "3.18"]
[White "Van Foreest, Jorden"]
[Black "Jobava, Baadur"]
[Result "0-1"]
[WhiteTitle "GM"]
[BlackTitle "GM"]
[WhiteElo "2584"]
[BlackElo "2701"]
[WhiteFideId "1039784"]
[BlackFideId "13601520"]
[EventDate "2017.02.21"]

1. e4 e5 2. Nf3 Nf6 3. Nxe5 d6 4. Nf3 Nxe4 5. Nc3 Nxc3 6. dxc3 Be7 7. Be3 O-O 8.
Qd2 Nc6 9. O-O-O Bf5 10. Be2 Re8 11. h4 Qd7 12. h5 Bf6 13. Kb1 a5 14. Nh2 Qe6
15. Bf3 Ne5 16. Be2 Nc4 17. Bxc4 Qxc4 18. Nf3 Be6 19. b3 Qxc3 20. Qxc3 Bxc3 21.
Nd4 Bd7 22. a4 h6 23. Rh4 c6 24. Bd2 Bxd2 25. Rxd2 Re1+ 26. Kb2 Rae8 27. Nf3
R1e2 28. Rxd6 Be6 29. Rd2 Bd5 30. Kc3 Bxf3 31. gxf3 R8e5 32. b4 axb4+ 33. Rxb4
Rc5+ 34. Kd3 Re7 35. Re4 Kf8 36. c4 Rxh5 37. Rxe7 Kxe7 38. Rb2 Rf5 39. Rxb7+ Ke6
40. Ke3 h5 41. Rc7 Kd6 42. Rb7 h4 43. Rb1 h3 44. Rh1 Rh5 45. f4 Kc5 46. a5 Kxc4
47. a6 Ra5 48. Kd2 Ra2+ 49. Kc1 Ra1+ 50. Kb2 Rxa6 51. Rxh3 c5 52. Rh7 Rf6 53.
Rxg7 Rxf4 54. Rg2 Kd3 55. Rh2 c4 56. Kc1 Ke2 57. Kc2 Rf3 58. Rg2 f5 0-1

[Event "Aeroflot Open A 2017"]
[Site "Moscow RUS"]
[Date "2017.02.23"]
[Round "3.19"]
[White "Maghsoodloo, Parham"]
[Black "Korobov, Anton"]
[Result "1/2-1/2"]
[WhiteTitle "GM"]
[BlackTitle "GM"]
[WhiteElo "2575"]
[BlackElo "2691"]
[WhiteFideId "12539929"]
[BlackFideId "14105730"]
[EventDate "2017.02.21"]

1. d4 Nf6 2. c4 e6 3. Nf3 d5 4. g3 dxc4 5. Qa4+ Nbd7 6. Bg2 a6 7. Nc3 Rb8 8.
Qxc4 b5 9. Qd3 Bb7 10. Bf4 Rc8 11. O-O c5 12. dxc5 Bxc5 13. a3 O-O 14. Rad1 Qb6
15. e4 Rfd8 16. Qe2 h6 17. e5 Nd5 18. Nxd5 Bxd5 19. Rxd5 exd5 20. b4 Be7 21. Bh3
Nf8 22. Bxc8 Rxc8 23. Rd1 Rc3 24. Rd3 Rxd3 25. Qxd3 Qc6 26. Nd4 Qc4 27. Qxc4
dxc4 28. Nc6 Bg5 29. Kf1 Ne6 30. Bxg5 hxg5 31. Nb8 Nc7 32. Nd7 g4 33. Ke2 Kh7
34. f3 gxf3+ 35. Kxf3 Kg6 36. Ke4 Kg5 37. h3 c3 38. Kd3 Kf5 39. Nc5 Kxe5 40.
Kxc3 Kd5 41. Kd3 a5 42. Ne4 a4 43. Ng5 f5 44. h4 Ne8 45. Nf3 Nd6 46. Nd4 Ke5 47.
Nf3+ Ke6 48. Nd4+ Kd5 49. Ne2 Ne4 50. Nf4+ Ke5 51. Nh5 g5 52. hxg5 Nxg5 53. Nf4
Ne4 1/2-1/2

[Event "Aeroflot Open A 2017"]
[Site "Moscow RUS"]
[Date "2017.02.23"]
[Round "3.21"]
[White "Predke, Alexandr"]
[Black "Adhiban, Baskaran"]
[Result "1-0"]
[WhiteTitle "GM"]
[BlackTitle "GM"]
[WhiteElo "2573"]
[BlackElo "2682"]
[WhiteFideId "24107581"]
[BlackFideId "5018471"]
[EventDate "2017.02.21"]

1. e4 c5 2. Nf3 Nc6 3. Nc3 g6 4. d4 cxd4 5. Nxd4 Bg7 6. Be3 Nf6 7. Bc4 Qa5 8.
O-O O-O 9. Nb3 Qc7 10. Re1 a6 11. Bf1 d6 12. Nd5 Nxd5 13. exd5 Ne5 14. Bd4 b5
15. a4 bxa4 16. Rxa4 Rb8 17. Qd2 Re8 18. Bc3 Qb6 19. Rea1 Ra8 20. Rb4 Qc7 21.
Bd4 e6 22. f4 Ng4 23. dxe6 fxe6 24. Bxg7 Kxg7 25. Rc4 Qa7+ 26. Qd4+ e5 27. fxe5
dxe5 28. Qxa7+ Rxa7 29. Be2 Ne3 30. Rc3 Nd5 31. Rc5 Nf4 32. Bc4 e4 33. Rf1 Nh5
34. Nd4 e3 35. Rc6 Rae7 36. Bxa6 Rd8 37. Nf3 Bxa6 38. Rxa6 Nf4 39. Re1 Rb8 40.
g3 Nd5 41. Rd6 Nf6 42. b3 Rc8 43. Re2 Ng4 44. Nd4 Rc3 45. Kg2 Nf6 46. Re6 Rd7
47. Nb5 Rc5 48. c4 Ng4 49. h3 Rd2 50. Nc3 Re5 51. Rxd2 exd2 52. Rxe5 Nxe5 53.
Kf2 Nc6 54. c5 Nd4 55. b4 Kf7 56. Ke3 Nc2+ 57. Kxd2 Nxb4 58. Ke3 Ke6 59. Ke4 Na6
60. Kd4 Nc7 61. Ne2 Kf5 62. c6 Ke6 63. Kc5 Ke5 64. Nc3 g5 65. Kb6 Ne8 66. c7 Nd6
67. Nb5 Nc8+ 68. Kb7 Ne7 69. g4 h6 70. Na7 Kd6 71. Nc8+ 1-0

[Event "Aeroflot Open A 2017"]
[Site "Moscow RUS"]
[Date "2017.02.23"]
[Round "3.22"]
[White "Sjugirov, Sanan"]
[Black "Zhigalko, Andrey"]
[Result "1/2-1/2"]
[WhiteTitle "GM"]
[BlackTitle "GM"]
[WhiteElo "2673"]
[BlackElo "2571"]
[WhiteFideId "4189302"]
[BlackFideId "13502247"]
[EventDate "2017.02.21"]

1. e4 c5 2. Nf3 d6 3. d4 cxd4 4. Nxd4 Nf6 5. Nc3 a6 6. Be3 e6 7. Be2 Nbd7 8. g4
h6 9. f4 g5 10. f5 Ne5 11. h3 b5 12. a3 Qe7 13. fxe6 fxe6 14. Nf3 Ned7 15. Bd3
Bb7 16. Rf1 O-O-O 17. Qe2 Bg7 18. a4 b4 19. Bxa6 Nc5 20. Bxb7+ Qxb7 21. Nb5
Nfxe4 22. O-O-O Nxa4 23. Qc4+ Kb8 24. Nfd4 Nac5 25. Qxb4 Rd7 26. Nb3 Nxb3+ 27.
Qxb3 Rc8 28. Kb1 Nc5 29. Bxc5 Rxc5 30. Nxd6 Qxb3 31. cxb3 Rd5 32. Rxd5 exd5 33.
Nf5 Be5 34. Nxh6 d4 35. Rf8+ Kc7 36. Rf7 d3 37. Rxd7+ Kxd7 38. Kc1 Bf4+ 39. Kd1
Kc6 40. Nf5 Kc5 41. h4 gxh4 42. Nxh4 Kb4 43. Ng2 Bh6 44. Ne1 d2 45. Nf3 Kxb3 46.
Nxd2+ Kxb2 47. Ne4 Kb3 48. g5 Bxg5 49. Nxg5 1/2-1/2

[Event "Aeroflot Open A 2017"]
[Site "Moscow RUS"]
[Date "2017.02.23"]
[Round "3.23"]
[White "Grigoriants, Sergey"]
[Black "Zhigalko, Sergei"]
[Result "1/2-1/2"]
[WhiteTitle "GM"]
[BlackTitle "GM"]
[WhiteElo "2564"]
[BlackElo "2652"]
[WhiteFideId "4130804"]
[BlackFideId "13502956"]
[EventDate "2017.02.21"]

1. e4 c5 2. Nf3 d6 3. Bb5+ Nd7 4. O-O a6 5. Bd3 Ngf6 6. Qe2 e5 7. c3 Be7 8. Bc2
O-O 9. d4 b5 10. dxe5 Nxe5 11. Nbd2 Ng6 12. Re1 Re8 13. a4 Bd7 14. Nf1 Bf8 15.
Ng3 h6 16. b3 Nd5 17. Qd3 Ndf4 18. Bxf4 Nxf4 19. Qd2 Ng6 20. Nf5 Bc6 21. Rad1
Re6 22. h4 Qf6 23. h5 Ne5 24. Nh2 Rae8 25. f4 Nd7 26. Ng4 1/2-1/2

[Event "Aeroflot Open A 2017"]
[Site "Moscow RUS"]
[Date "2017.02.23"]
[Round "3.25"]
[White "Kuzubov, Yuriy"]
[Black "Petrosyan, Manuel"]
[Result "1-0"]
[WhiteTitle "GM"]
[BlackTitle "IM"]
[WhiteElo "2643"]
[BlackElo "2549"]
[WhiteFideId "14112906"]
[BlackFideId "13300857"]
[EventDate "2017.02.21"]

1. Nf3 Nf6 2. c4 e6 3. g3 d5 4. d4 Bb4+ 5. Bd2 Be7 6. Bg2 O-O 7. O-O c6 8. Bg5
Nbd7 9. Nbd2 b6 10. Rc1 Bb7 11. Qa4 h6 12. cxd5 exd5 13. Bxf6 Bxf6 14. e4 Re8
15. e5 Be7 16. Rfd1 Nf8 17. Nf1 Ne6 18. Ne3 a5 19. Nf5 Bf8 20. Bf1 b5 21. Qb3 g6
22. Ne3 h5 23. Bh3 Qb6 24. Bxe6 Rxe6 25. Ng5 Ree8 26. Qc2 Be7 27. Ne6 Rac8 28.
Nc5 Bxc5 29. Qxc5 Qxc5 30. Rxc5 f6 31. f4 Kf7 32. Kf2 Ke6 33. Ng2 g5 34. Re1 Kf5
35. Kf3 fxe5 36. dxe5 gxf4 37. gxf4 Rg8 38. Nh4+ Ke6 39. f5+ Kd7 40. Ng6 Rg7 41.
Kf4 Kc7 42. Kg5 Kb6 43. Rcc1 Rcg8 44. e6 c5 45. e7 Bc6 46. Re6 c4 47. Kh6 Kc5
48. Rxc6+ Kxc6 49. e8=Q+ Rxe8 50. Kxg7 d4 51. f6 d3 52. f7 Rd8 53. Nf4 Kd6 54.
Rd1 Ke5 55. Nxd3+ cxd3 56. Rxd3 Rxd3 57. f8=Q Rd2 58. Qc5+ Ke4 59. Kf6 h4 60.
Qxb5 Rf2+ 61. Kg5 Rxh2 62. Qf5+ 1-0

[Event "Aeroflot Open A 2017"]
[Site "Moscow RUS"]
[Date "2017.02.23"]
[Round "3.27"]
[White "Xu, Yinglun"]
[Black "Alekseev, Evgeny"]
[Result "1/2-1/2"]
[BlackTitle "GM"]
[WhiteElo "2540"]
[BlackElo "2632"]
[WhiteFideId "8604940"]
[BlackFideId "4138147"]
[EventDate "2017.02.21"]

1. d4 e6 2. c4 b6 3. Nf3 Bb7 4. g3 Bb4+ 5. Bd2 Bxd2+ 6. Qxd2 Bxf3 7. exf3 d5 8.
Nc3 Ne7 9. cxd5 exd5 10. Bh3 O-O 11. O-O Nbc6 12. Rfe1 a6 13. Rad1 Qd6 14. f4
Rfd8 15. Kh1 Qf6 16. Bg2 h5 17. h4 g6 18. Qd3 Kg7 19. Rd2 1/2-1/2

[Event "Aeroflot Open A 2017"]
[Site "Moscow RUS"]
[Date "2017.02.23"]
[Round "3.28"]
[White "Gabrielian, Artur"]
[Black "Goganov, Aleksey"]
[Result "1/2-1/2"]
[WhiteTitle "GM"]
[BlackTitle "GM"]
[WhiteElo "2532"]
[BlackElo "2632"]
[WhiteFideId "4131002"]
[BlackFideId "24109959"]
[EventDate "2017.02.21"]

1. e4 e5 2. Nf3 Nc6 3. Bc4 Bc5 4. O-O Nf6 5. d3 d6 6. c3 a6 7. Bg5 h6 8. Bh4 Ba7
9. Kh1 g5 10. Bg3 O-O 11. Nbd2 Kg7 12. a4 Nh5 13. Ng1 Nxg3+ 14. fxg3 g4 15. Ne2
Qg5 16. d4 exd4 17. Nf4 dxc3 18. bxc3 Ne5 19. Ba2 Bd7 20. Nc4 Rae8 21. Nxe5 Rxe5
22. Nd5 Bc8 23. Rf4 Qg6 24. Nf6 Be3 25. Rf1 Bc5 26. Rf4 h5 27. Qd3 c6 28. Raf1
d5 29. Qd2 dxe4 30. Nxe4 Rxe4 31. Rxe4 Qxe4 32. Qg5+ Qg6 33. Qxc5 Be6 34. Qe5+
Kg8 35. Rf6 Bxa2 36. Rxg6+ fxg6 37. h4 Bd5 38. Kg1 Rf7 39. a5 Kh7 40. Qe3 c5 1/2-1/2

[Event "Aeroflot Open A 2017"]
[Site "Moscow RUS"]
[Date "2017.02.23"]
[Round "3.29"]
[White "Debashis, Das"]
[Black "Buhmann, Rainer"]
[Result "1/2-1/2"]
[WhiteTitle "GM"]
[BlackTitle "GM"]
[WhiteElo "2472"]
[BlackElo "2625"]
[WhiteFideId "5024854"]
[BlackFideId "4651340"]
[EventDate "2017.02.21"]

1. d4 Nf6 2. c4 e6 3. Nc3 Bb4 4. Qc2 d5 5. cxd5 exd5 6. Bg5 h6 7. Bh4 Nc6 8. e3
g5 9. Bg3 h5 10. Bb5 h4 11. Be5 O-O 12. Bxf6 Qxf6 13. a3 Bf5 14. Bd3 Bxc3+ 15.
bxc3 Bxd3 16. Qxd3 Rfe8 17. Nf3 Kg7 18. h3 Qg6 19. Qb5 Ne7 20. O-O b6 21. c4 c6
22. Qa4 Qf5 23. Rac1 dxc4 24. Qxc4 Rac8 25. Ne5 c5 26. f4 cxd4 27. Qxd4 f6 28.
Rxc8 fxe5 29. Rxe8 exd4 30. Rxe7+ Kg6 31. Re5 Qd3 32. fxg5 dxe3 33. Rf6+ Kg7 34.
Re7+ Kg8 35. Re8+ Kg7 36. Re7+ Kg8 37. Rc6 Kf8 38. Rxa7 Qd1+ 39. Kh2 Qd8 40.
Rf6+ Kg8 41. Rg6+ 1/2-1/2

[Event "Aeroflot Open A 2017"]
[Site "Moscow RUS"]
[Date "2017.02.23"]
[Round "3.30"]
[White "Oparin, Grigoriy"]
[Black "Esipenko, Andrey"]
[Result "1/2-1/2"]
[WhiteTitle "GM"]
[BlackTitle "FM"]
[WhiteElo "2625"]
[BlackElo "2502"]
[WhiteFideId "24125890"]
[BlackFideId "24175439"]
[EventDate "2017.02.21"]

1. e4 e5 2. Nc3 Nf6 3. g3 d5 4. exd5 Nxd5 5. Bg2 Nxc3 6. bxc3 Bc5 7. Nf3 Nc6 8.
O-O O-O 9. Re1 Bg4 10. h3 Bh5 11. d3 f5 12. Qd2 e4 13. Nh2 Ne5 14. d4 Nc4 15.
Qg5 Qxg5 16. Bxg5 Bd6 17. Rab1 Rab8 18. g4 Bg6 19. Nf1 Na3 20. Rb2 Nc4 21. Rbb1
Rbe8 22. gxf5 Rxf5 23. Ne3 Rxg5 24. Nxc4 Bf4 25. h4 Rg4 26. Ne3 Bxe3 27. Rxe3 b6
28. a4 Rxh4 29. a5 Rf4 30. axb6 axb6 31. Ra1 Ref8 32. Ra7 R8f7 33. Ra8+ Rf8 34.
Ra7 c5 35. Re2 Rd8 36. Rb7 cxd4 37. cxd4 Rxd4 38. Rxb6 Bf5 39. Rb1 h5 40. c3 Rd3
41. Rbe1 Rxc3 42. Bxe4 Rc5 43. Bg2 Kf7 44. Re5 Rc2 45. R1e2 Rxe2 46. Rxe2 Kf6
47. Ra2 Rb4 48. Ra5 g6 49. Kh2 Kg5 50. Bc6 Kf6 51. Ra6 Kg7 52. Ra5 Kh6 53. Bf3
h4 54. Bc6 Rd4 55. Ra4 Rxa4 56. Bxa4 Kg5 57. Kg1 Kf4 58. Bc6 g5 59. Bb7 Be4 60.
Bc8 Kf3 61. Bd7 Ke2 62. Bg4+ Bf3 63. Bd7 Kd3 64. Bb5+ Ke4 65. Bc6+ Kf4 66. Bd7
Bg4 67. Bc6 Bf5 68. Bb7 Be4 69. Bc8 Kf3 70. Bd7 g4 71. Bc8 h3 72. Bd7 Bg6 73.
Bc8 Bh5 74. Bd7 h2+ 75. Kxh2 Kxf2 76. Bxg4 1/2-1/2

[Event "Aeroflot Open A 2017"]
[Site "Moscow RUS"]
[Date "2017.02.23"]
[Round "3.32"]
[White "Bosiocic, Marin"]
[Black "Xu, Yi"]
[Result "1-0"]
[WhiteTitle "GM"]
[BlackTitle "IM"]
[WhiteElo "2602"]
[BlackElo "2444"]
[WhiteFideId "14507927"]
[BlackFideId "8605564"]
[EventDate "2017.02.21"]

1. e4 e5 2. Nf3 Nc6 3. Bb5 a6 4. Ba4 Nf6 5. d3 b5 6. Bb3 Be7 7. g4 d6 8. g5 Nd7
9. Bd5 Bb7 10. Be3 Qc8 11. h4 Na5 12. Bxb7 Nxb7 13. Nc3 c6 14. d4 Qc7 15. h5 Rf8
16. a4 b4 17. Ne2 c5 18. c3 a5 19. Rc1 Nb6 20. b3 O-O-O 21. d5 Qd7 22. Qd3 Kb8
23. Ng3 g6 24. Qa6 Kc7 25. Bd2 Ra8 26. Qf1 Kb8 27. Be3 f5 28. gxf6 Bxf6 29. hxg6
hxg6 30. Qh3 Rh8 31. Qxd7 Rxh1+ 32. Nxh1 Nxd7 33. Nd2 Kc7 34. Ke2 Rg8 35. Ng3
Nb6 36. Kd3 Kd7 37. Nc4 Nxc4 38. Kxc4 Rh8 39. Rh1 Rxh1 40. Nxh1 bxc3 41. Kxc3
Kc7 42. Ng3 Nd8 43. Nf1 Nf7 44. Nd2 Bd8 45. Nc4 Kb7 46. Kd3 Bc7 47. Ke2 Ka6 48.
Kf3 Kb7 49. Kg4 Bd8 50. Bd2 Ka6 51. Kh3 Bc7 52. Kh4 Bd8+ 53. Kg4 Bc7 54. Bg5 Kb7
55. Be7 Kc8 56. Kh4 Kb7 57. Kg3 Kc8 58. Kf3 Kb7 59. Ke2 Kc8 60. Kd3 Kb7 61. Nd2
Nh6 62. Nf3 Ng4 63. Ke2 c4 64. bxc4 Kb6 65. Ng5 1-0

[Event "Aeroflot Open A 2017"]
[Site "Moscow RUS"]
[Date "2017.02.23"]
[Round "3.35"]
[White "Kulaots, Kaido"]
[Black "Abdusattorov, Nodirbek"]
[Result "1-0"]
[WhiteTitle "GM"]
[BlackTitle "FM"]
[WhiteElo "2590"]
[BlackElo "2429"]
[WhiteFideId "4500261"]
[BlackFideId "14204118"]
[EventDate "2017.02.21"]

1. d4 Nf6 2. c4 e6 3. Nf3 d5 4. g3 Bb4+ 5. Bd2 Be7 6. Bg2 O-O 7. O-O c6 8. Qc2
b6 9. Rd1 Nbd7 10. b3 Ba6 11. a4 Ne4 12. Be1 f5 13. Na3 Bb7 14. b4 c5 15. bxc5
bxc5 16. Rab1 Qc8 17. Rdc1 cxd4 18. Qa2 Bc5 19. Nb5 dxc4 20. Qxc4 Bd5 21. Qd3 e5
22. e3 Ba2 23. exd4 exd4 24. Rb2 Bf7 25. Nbxd4 g6 26. Rbc2 Qd8 27. Nc6 Qe8 28.
Nd2 Ndf6 29. Nxe4 Nxe4 30. Rxc5 Nxc5 31. Qd6 Nb3 32. Ne7+ Qxe7 33. Qxe7 Nxc1 34.
Bxa8 Rxa8 35. Bd2 Re8 36. Qf6 Re6 37. Qd8+ Re8 38. Qc7 Ne2+ 39. Kf1 Nd4 40. Qc3
Ne6 41. Qf6 Rc8 42. Bc3 Kf8 43. Qh8+ Bg8 44. Bb4+ Kf7 45. Qe5 Rc7 46. h4 Rb7 47.
Bc3 Kf8 48. h5 Bf7 49. a5 Ke7 50. a6 Rb6 51. Qf6+ Kf8 52. Qh8+ Bg8 53. Qe5 Bf7
54. h6 Ke7 55. Kg1 Kf8 56. Qd5 Be8 57. Qb7 Bc6 58. Bb4+ Kg8 59. Qe7 Ba4 60. Kh2
g5 61. Bd6 1-0